| 000 | 00455nam a2200157 a 4500 | ||
|---|---|---|---|
| 005 | 20140412111347.0 | ||
| 008 | 050421s19uu xx 00 eng d | ||
| 020 | _a0-02-181179-2 | ||
| 050 |
_aTR(GS 372.4 _bSc1 1997 |
||
| 245 | _aScenes of wonder (Grade 5, level 11, unit 1). | ||
| 260 |
_aNew York : _bMacmillan/McGraw-Hill, _c1997. |
||
| 300 | _a117 p. ; ill. | ||
| 650 |
_aReading readiness _xStudy and teaching |
||
| 999 |
_c105212 _d105212 |
||